|
|
|
|
| LEADER |
00000cam a2200000 7i4500 |
| 001 |
0000011799 |
| 005 |
20080212.0 |
| 008 |
080212 |
| 020 |
|
|
|a 9839017810
|
| 090 |
0 |
0 |
|a 297.2
|b SOA
|
| 245 |
1 |
0 |
|a Soal jawab aqidah Islam
|c Penyusun Abdul Aziz Muhammad As-Salman ; terjemahan Akmal Hj. Mhd. Zain
|
| 260 |
|
|
|a Kuala Lumpur :
|b Darul Nu'man ,
|c 2000
|
| 650 |
|
0 |
|a God (Islam)
|
| 650 |
|
0 |
|a Islam
|x Doctrine
|
| 700 |
0 |
|
|a Akmal Hj. Mhd. Zain
|
| 999 |
|
|
|a 0000924565
|b Book
|c Adult Collection
|e Cawangan Bukit Gambir
|
| 999 |
|
|
|a 0000933838
|b Book
|c Adult Collection
|e Cawangan Tangkak
|
| 999 |
|
|
|a 0000933839
|b Book
|c Adult Collection
|e Cawangan Tangkak
|
| 999 |
|
|
|a 0001007968
|b Book
|c Adult Collection
|e Perbadanan Perpustakaan Awam Johor
|
| 999 |
|
|
|a 0001007969
|b Book
|c Adult Collection
|e Perbadanan Perpustakaan Awam Johor
|